| 000 | 00682nam a2200169 a 4500 | ||
|---|---|---|---|
| 008 | 080825s2007 ||||||||||||||||| || u | ||
| 020 | _a9789211541816 | ||
| 050 | _aUNAIDS(02) | ||
| 110 | _aUnited Nations Economic and Social Affairs (UNESA) | ||
| 245 | 1 | 0 |
_aHandbook on HIV and human rights for national human rights institutions _cby United Nations |
| 260 |
_aGeneva: _bUNITED NATIONS _c2007 |
||
| 300 | _a46p.: ill. | ||
| 350 | _a0.00 | ||
| 650 | 0 | _aHUMAN RIGHTS | |
| 650 | _aAIDS (DISEASE)--HANDBOOKS MANUALS ETC | ||
| 995 |
_D0.00 _FCBU-MAIN LIBRARY (Kitwe) _H1 _I0.00 _M1 _UAVAILABLE _WAug 25, 2008 _ZInternational Publications |
||
| 999 |
_c45346 _d45346 |
||